00716 2200253 4500001002100000005001700021008004100038020001800079035002400097082001000121090002200131100002200153245008600175250001100261260003800272300003000310500003100340650001100371700002200382850001600404980001400420985000600434999002200440YOGYA-0209000004651420090227031227.0 ind  a979-222-157-3 0010-020900000046514 a305.4 a305.4bWid BlDEP aWIDYATAMA, Rendra aBias gender dalam iklan televisicRendra Widyatama ; penyunting, Floriberta Aning aCet. 1 aYogyakartabMedia Pressindoc2006 axii, 301 hlmbilusc19 cm aBibliografi : hlm. 292-300 aWanita aAning, Floriberta aYOPDYOG (M) a28-9-2007 a1 aCB-D.11 2006-799h